000
00269pab a2200109 454500
008
180718b xxu||||| |||| 00| 0 eng d
100
_a
Sukumar, K.
245
_a
Wanted a foolproof PDS
650
_a
Public Distribution System
773
_a
Financial Express
909
_a
22756
999
_c
22756
_d
22756